Statistics for World Capitals - Five Minute Semi-Map Sprint

Click here to take the quiz!

General Stats

  • This quiz has been taken 452 times
  • The average score is 115 of 196

Answers on the Map

Answers color-coded by a green-red scale on the quiz's map according to % correct below.
 

Answer Stats

capital% Correct
Lisbon
92%
Madrid
92%
Moscow
92%
Ottawa
92%
Amsterdam
90%
Brasília
90%
Dublin
90%
Paris
90%
Reykjavík
90%
London
89%
Oslo
89%
Washington
89%
Berlin
87%
Rome
85%
Stockholm
85%
Beijing
84%
Buenos Aires
84%
Helsinki
84%
Mexico City
84%
Bern
82%
Minsk
82%
Santiago
82%
Seoul
82%
Tokyo
82%
Athens
81%
Belgrade
81%
Brussels
81%
Copenhagen
81%
Warsaw
81%
Bucharest
79%
Budapest
79%
Canberra
79%
Havana
79%
Lima
79%
Prague
79%
Riga
79%
Vienna
79%
Cairo
77%
New Delhi
77%
Rabat
77%
Jerusalem
76%
Monaco
76%
Tallinn
76%
Vatican City
76%
Algiers
74%
Asunción
74%
Bratislava
74%
Guatemala City
74%
San Marino
74%
Montevideo
73%
Sofia
73%
Tunis
73%
Zagreb
73%
Andorra la Vella
71%
Georgetown
71%
Kingston
71%
Vaduz
71%
Vilnius
71%
Wellington
71%
Kyiv
69%
Ljubljana
69%
Luxembourg
69%
Managua
69%
Pyongyang
69%
Ankara
68%
Bogotá
68%
Caracas
68%
Nassau
68%
Panama City
68%
Pretoria
68%
San Salvador
68%
Sucre
68%
Tirana
68%
Malé
66%
Port-au-Prince
66%
Sarajevo
66%
Ulaanbaatar
66%
Nur-Sultan
65%
Quito
65%
Chișinău
63%
Nicosia
63%
Paramaribo
63%
San José
63%
Tashkent
63%
Valletta
63%
Abu Dhabi
61%
Bangkok
61%
Doha
61%
Jakarta
61%
Kabul
61%
Kathmandu
61%
Pristina
61%
Baghdad
60%
Beirut
60%
Belmopan
60%
Podgorica
60%
Santo Domingo
60%
Skopje
60%
Tripoli
60%
Amman
58%
Damascus
58%
Manila
58%
Tbilisi
58%
Apia
56%
Baku
56%
Dhaka
56%
Islamabad
56%
Muscat
56%
Riyadh
56%
South Tarawa
56%
Suva
56%
Tegucigalpa
56%
Ashgabat
55%
Bridgetown
55%
Dushanbe
55%
Hanoi
55%
Port-of-Spain
55%
Saint George's
55%
Saint John's
55%
Sana'a
55%
Tehran
55%
Yerevan
55%
Abuja
53%
Castries
53%
Dili
53%
Manama
53%
Colombo
52%
Singapore
52%
Taipei
52%
Thimphu
52%
Basseterre
50%
Bishkek
50%
Phnom Penh
50%
Roseau
50%
Accra
48%
Dakar
48%
Khartoum
48%
Kuala Lumpur
48%
Kingstown
47%
Kuwait City
47%
Vientiane
47%
Bangui
45%
Juba
45%
Lomé
45%
Banjul
44%
Port Moresby
44%
Praia
44%
Addis Ababa
42%
Port Louis
42%
Asmara
40%
Conakry
40%
Freetown
40%
Kinshasa
40%
Maputo
40%
Mogadishu
40%
Nairobi
40%
Naypyidaw
40%
Porto-Novo
40%
Victoria
40%
Antananarivo
39%
Bamako
39%
Majuro
39%
Niamey
39%
Bandar Seri
Begawan
37%
Djibouti
37%
Luanda
37%
Lusaka
37%
Moroni
37%
Nuku'alofa
37%
Port Vila
37%
Yaren
37%
Honiara
35%
Kigali
35%
Malabo
35%
Brazzaville
34%
Dodoma
34%
Funafuti
34%
Maseru
34%
Windhoek
34%
Ngerulmud
32%
Bissau
31%
Gaborone
31%
Harare
31%
Lilongwe
31%
Mbabane
31%
N'Djamena
31%
São Tomé
31%
Kampala
29%
Monrovia
29%
Ouagadougou
29%
Palikir
29%
Yaoundé
27%
Gitega
26%
Libreville
26%
Yamoussoukro
24%
Nouakchott
23%

Score Distribution

Percentile by Number Answered

Percent of People with Each Score

Your Score History

You have not taken this quiz